000 00516nam a22001817a 4500
003 OSt
005 20180116183054.0
008 160905b xxu||||| |||| 00| 0 eng d
020 _a0
040 _c0
082 _a338.925 SAJ 1998
100 _aSajid,Prof.Dr.Mushtaq A.
245 _aPrivatization Management Trends & Prospects
_cProf.Dr.Mushtaq A.Sajid
260 _aLahore
_bAl-Madina Publications
_c1998.
300 _a395 p.
_bHB.
440 _aPrivatization Management Trends & Prospects
942 _2ddc
_cBK
999 _c351757
_d351757